[Event "R6-Nord - 2002/03"]
[Site "?"]
[Date "2003.03.16"]
[Round "1.1"]
[White "SABLAYROLLES, Didier"]
[Black "MEHADHEBI, Karim"]
[Result "1-0"]
[WhiteElo "1710"]
[BlackElo "1499"]
[Annotator "J. PERROUX"]
[PlyCount "67"]

1.c4 e5 {Anglaise} 2.g3 Nc6 3.Bg2 Nf6 4.e3 d5 5.cxd5 Nxd5 6.Qb3 Nb6 
    ( 6...Ndb4 {etait egalement interessant} )
7.a3 a6 8.Ne2 Be6 9.Qc2 Bd5 10.e4 Be6 
    ( {ou} 10...Bc4 11.Nbc3 Nd4 12.Nxd4 Qxd4 )
11.O-O Na5 12.Nbc3 Bb3 13.Qb1 Qd6 
    ( 13...Bc4 $5 14.Qc2 Nb3 15.Ra2 Nd4 16.Nxd4 Qxd4 {gagnait la qualite} 
    )
14.Nd5 $6 {donne volontairement un pion pour diminuer la pression} 
    ( 14.f4 $5 {est conseille par Fritz. Il faut oser ...} )
    ( 14.d3 Rd8 15.Be3 Qxd3 16.Qxd3 Rxd3 17.Nc1 Rd6 )
14...Nxd5 15.exd5 Bxd5 16.Bxd5 Qxd5 17.Qf5 Nc6 18.d3 Qd7 
    ( 18...Rd8 $5 )
19.Qe4 O-O-O 20.Rd1 f5 $1 {Jeu tres agressif des Noirs} 21.Qc4 Qd5 
    ( {la suite agressive} 21...f4 $5 22.gxf4 $4 Qg4+ $1 23.Kf1 Nd4 $1 {
    donnait un avantage decisif aux Noirs (+6 pour Fritz)} )
22.Qc3 Nd4 23.Nxd4 exd4 24.Qc4 Qxc4 25.dxc4 a5 26.Bf4 c5 27.b4 $6 a4 $2 
    ( {La meilleure suite etait tout simplement} 27...cxb4 $1 28.axb4 Bxb4
    )
28.Be5 Rg8 29.Rd3 b6 30.Rb1 Kd7 31.bxc5 Bxc5 $2 
    ( 31...bxc5 {gardait le pion d'avance} )
32.Rbd1 {A 3 contre 2, le pion d4 va sauter} 32...Kc6 33.Bxd4 Bxa3 $4 {
Gaffe} 34.Rxa3 {Les Noirs abandonnent. Cela semble premature, la position 
restait jouable apres 34 ... Td7} 1-0

[Event "Colomiers/Montech"]
[Site "?"]
[Date "2003.03.16"]
[Round "6"]
[White "HANTISSE, Alain"]
[Black "AUGE, Jean"]
[Result "1-0"]
[WhiteElo "1850"]
[BlackElo "1860"]
[PlyCount "127"]

1.e4 d5 2.exd5 Qxd5 3.Nc3 Qa5 4.d4 Nf6 5.Bc4 c6 6.Nf3 Bg4 7.h3 Qh5 8.Be2 
e6 9.Bf4 Bb4 10.O-O Bxf3 11.Bxf3 Qf5 12.Bg3 Nbd7 13.Re1 O-O 14.a3 Be7 15.
d5 cxd5 16.Nxd5 Nxd5 17.Bxd5 Nc5 18.Qf3 Qxc2 19.Bxb7 Nxb7 20.Qxb7 Bf6 21.
Rab1 Rfe8 22.Qe4 Rac8 23.Be5 Bxe5 24.Qxe5 Rc5 25.Qe3 Rec8 26.Red1 g6 27.b4
R5c7 28.Kh2 Qc3 29.Rd3 Qf6 30.Rbd1 h5 31.b5 Rc2 32.R1d2 Rxd2 33.Rxd2 h4 
34.Qd4 Kg7 35.a4 e5 36.Qe3 Rc4 37.a5 e4 38.g3 hxg3+ 39.fxg3 Qa1 40.Qxa7 
Rc1 41.Qd4+ Qxd4 42.Rxd4 Rc5 43.Rb4 e3 44.Kg2 Rf5 45.Rb2 e2 46.Rxe2 Rxb5 
47.Ra2 Rb7 48.a6 Ra7 49.Kf3 Kf6 50.Ke4 Ke6 51.h4 f6 52.Kf4 Kf7 53.g4 Ke6 
54.h5 gxh5 55.gxh5 Kf7 56.Kf5 Kg7 57.Ra5 Kf7 58.h6 Kg8 59.Kxf6 Kh7 60.Ra4 
Ra8 61.a7 Rf8+ 62.Ke7 Ra8 63.Ra6 Kh8 64.Kd7 1-0

[Event "R6-Nord - 2002/03"]
[Site "?"]
[Date "2003.03.16"]
[Round "1.4"]
[White "LEZAUD, Pascal"]
[Black "SCHAWLB, Boris"]
[Result "1-0"]
[WhiteElo "1370"]
[BlackElo "1399"]
[Annotator "J. PERROUX"]
[PlyCount "43"]

1.e4 e5 2.Nf3 d6 {Defense Philidor} 3.d4 f5 {Gambit Philidor !} 4.Nc3 Nf6 
5.Bg5 Be7 6.Bc4 
    ( 6.exf5 $5 )
6...b6 $2 {Aie !} 7.exf5 
    ( {ou} 7.dxe5 {, qui prend un pion et menace de deroquer les Noirs} )
7...Bb7 8.dxe5 Bxf3 $4 {Le Cavalier en f6 est menacee, la Dame en f3 
creera une autre menace sur Ta8 : il y aura forcement de la casse ...} 9.
Qxf3 Nbd7 10.exf6 Ne5 $2 {Tente un contre-jeu. Bien joue sur le principe, 
mais il y a un hic :} 11.Bb5+ $3 Kf8 12.fxe7+ Qxe7 13.Bxe7+ Kxe7 14.Qd5 
Rac8 15.Qe6+ Kd8 16.Ba6 Rb8 17.O-O Nc6 18.Rad1 Nb4 19.Rxd6+ $1 
    ( 19.Bb5 {marchait aussi, mais Txd6 est plus elegant !} )
19...cxd6 20.Qxd6+ Ke8 21.Re1+ Kf7 22.Bc4+ 
    ( 22.Bc4+ Nd5 23.Bxd5# {Mat} )
1-0

[Event "Colomiers/Montech"]
[Site "?"]
[Date "2003.03.16"]
[Round "6"]
[White "TRUONG, Thierry"]
[Black "AMBLARD, Philippe"]
[Result "1-0"]
[WhiteElo "1380"]
[BlackElo "1499"]
[PlyCount "71"]

1.c4 e5 2.Nc3 Nc6 3.Nf3 Nf6 4.g3 b6 5.Bg2 d6 6.Nxe5 dxe5 7.Bxc6+ Bd7 8.
Bxa8 Qxa8 9.f3 Bc5 10.d3 Ng4 11.Ne4 Ne3 12.Bxe3 Bxe3 13.Nc3 c6 14.Qb3 Bh3 
15.Nd1 Bd4 16.e3 c5 17.Kf2 Bg4 18.fxg4 Qxh1 19.exd4 Qxh2+ 20.Ke1 Qxg3+ 21.
Kd2 Qh2+ 22.Kc1 O-O 23.dxe5 Qxe5 24.Qc2 Qf4+ 25.Qd2 Qxg4 26.Kc2 Re8 27.Nc3
a6 28.Re1 Rxe1 29.Qxe1 h5 30.Qe8+ Kh7 31.Qxf7 h4 32.Nd5 Qg2+ 33.Kc3 Qg6 
34.Qf3 Qg3 35.Qxg3 hxg3 36.Ne3 1-0

[Event "Colomiers/Montech"]
[Site "?"]
[Date "2003.03.16"]
[Round "6"]
[White "MAROUANI, Selim"]
[Black "SAUTY, Francis"]
[Result "0-1"]
[WhiteElo "1350"]
[BlackElo "1270"]
[PlyCount "69"]

1.e4 d6 2.d4 g6 3.Nf3 Nf6 4.Nc3 Bg7 5.Bg5 Nbd7 6.h3 O-O 7.Qd2 Qe8 8.Bh6 e5
9.d5 Nc5 10.Bxg7 Kxg7 11.Bd3 a6 12.O-O c6 13.b4 Nxd3 14.Qxd3 Qe7 15.Rad1 
Rd8 16.Qc4 cxd5 17.Nxd5 Nxd5 18.Qxd5 Be6 19.Qd3 Bxa2 20.c4 b5 21.Nd2 Bxc4 
22.Nxc4 bxc4 23.Qxc4 Rdc8 24.Qd5 Rd8 25.Qc6 Rab8 26.Qxa6 Rxb4 27.Rd2 Rxe4 
28.Rdd1 Rd4 29.Rxd4 exd4 30.Qd3 Qf6 31.Qe4 d5 32.Qg4 h5 33.Qg3 Rd6 34.Qb3 
Qe5 35.Qb4 0-1

[Event "R5-A-Muret G / Fleurance"]
[Site "?"]
[Date "2003.03.16"]
[Round "6.3"]
[White "Rahal, Samy"]
[Black "Tauziede, Jean Pierre"]
[Result "0-1"]
[WhiteElo "1690"]
[BlackElo "1540"]
[EventDate "2003.05.18"]
[PlyCount "128"]
[SourceDate "2003.05.18"]

1.d4 Nf6 2.Bf4 g6 3.e3 Bg7 4.Nd2 d6 5.Bd3 O-O 6.c3 e5 7.Bg5 exd4 8.exd4 
Nbd7 9.Qc2 c5 10.Ne2 Nb6 11.O-O-O Be6 12.h4 c4 13.Be4 d5 14.Bf3 Bf5 15.Be4
dxe4 16.Be3 Re8 17.Ng3 Qd7 18.h5 Ng4 19.hxg6 fxg6 20.Ndf1 Nxe3 21.Nxe3 
Rac8 22.Nexf5 gxf5 23.Qd2 Nd5 24.Qg5 Rf8 25.Rh5 Qe7 26.Qd2 e3 27.Qc2 e2 
28.Re1 Rc6 29.Rxe2 Qd7 30.Nxf5 Rxf5 31.Rxf5 Rh6 32.Qe4 Rh1+ 33.Kc2 Nf6 34.
Qf4 Bh6 35.Rg5+ Bxg5 36.Qxg5+ Qg7 37.Qxg7+ Kxg7 38.Re7+ Kg6 39.Rxb7 Rg1 
40.Rc7 Rxg2 41.Rxc4 Rxf2+ 42.Kb3 h5 43.Rc8 h4 44.Rh8 Nh7 45.Rg8+ Kf7 46.
Rh8 Kg7 47.Re8 h3 48.Re1 h2 49.d5 Rg2 50.Rh1 Nf6 51.c4 Kf7 52.a4 Ke7 53.a5
a6 54.Kc3 Ng4 55.b4 Rg1 56.Rxh2 Nxh2 57.Kd4 Nf3+ 58.Kc5 Rg6 59.b5 axb5 60.
Kxb5 Nd4+ 61.Kb4 Ra6 62.c5 Kd7 63.Kc4 Ne6 64.Kb5 Nc7+ 0-1

[Event "Blaye/Montauban"]
[Site "?"]
[Date "2003.03.16"]
[Round "6"]
[White "JOURDA, Dominique"]
[Black "VALAT, Jean-Marie"]
[Result "0-1"]
[WhiteElo "1470"]
[BlackElo "1450"]
[PlyCount "64"]

1.e4 e5 2.Nf3 d6 3.Nc3 Nf6 4.h3 Nc6 5.Bc4 Be7 6.d3 h6 7.a3 a6 8.Ba2 Bd7 9.
Be3 Qc8 10.Qd2 Be6 11.Bxe6 Qxe6 12.O-O O-O-O 13.b4 g5 14.Nh2 d5 15.exd5 
Nxd5 16.Nxd5 Qxd5 17.Qe2 f5 18.Rfd1 f4 19.c4 Qf7 20.Bc1 Bf6 21.Bb2 Nd4 22.
Bxd4 exd4 23.Re1 Rde8 24.Qc2 Rxe1+ 25.Rxe1 Re8 26.Re2 Qd7 27.f3 h5 28.Re4 
Rxe4 29.fxe4 g4 30.hxg4 hxg4 31.Qd1 g3 32.Qg4 gxh2+ 0-1

[Event "Blaye/Montauban"]
[Site "?"]
[Date "2003.03.16"]
[Round "6"]
[White "SANTOUL, Pascal"]
[Black "RAVON, M."]
[Result "1/2-1/2"]
[WhiteElo "1370"]
[BlackElo "1499"]
[PlyCount "46"]

1.e4 e5 2.Nf3 Nc6 3.Bc4 h6 4.d3 d6 5.Be3 Nf6 6.Nbd2 Be7 7.c3 O-O 8.O-O Ng4
9.d4 exd4 10.cxd4 Nxe3 11.fxe3 Bf6 12.Qc2 Bd7 13.e5 dxe5 14.d5 Na5 15.Ne4 
Nxc4 16.Qxc4 Be7 17.Nxe5 Bd6 18.Nxd6 cxd6 19.Nxd7 Qxd7 20.Rf3 Rac8 21.Qh4 
f5 22.Rg3 Kh8 23.Qd4 b5 1/2-1/2

[Event "R5-A-CEIT / Vic"]
[Site "?"]
[Date "2003.03.16"]
[Round "6.4"]
[White "Pueyo, Jean Luc"]
[Black "Tastet, Jonathan"]
[Result "0-1"]
[WhiteElo "1440"]
[BlackElo "1620"]
[EventDate "2003.02.02"]
[PlyCount "64"]
[SourceDate "2003.05.18"]

1.d4 d5 2.c4 dxc4 3.e3 Nf6 4.Nc3 e6 5.Bxc4 Nbd7 6.Nf3 Nb6 7.Bd3 c5 8.Qe2 
cxd4 9.exd4 Bd7 10.O-O a6 11.Bg5 Be7 12.Rfe1 O-O 13.Qc2 g6 14.Ne5 Kg7 15.
Qd2 Ng8 16.Bxe7 Nxe7 17.Re3 Bc6 18.Ne2 Nbd5 19.Rh3 Ng8 20.Ng4 Ndf6 21.Ne5 
Qd5 22.Nxc6 Qxc6 23.Rc1 Qd7 24.Bc4 Rac8 25.Rcc3 Ne4 26.Qf4 Nxc3 27.Rxc3 
Nf6 28.b3 b5 29.Bd3 Nd5 30.Qe5+ f6 31.Rxc8 fxe5 32.Rxf8 Kxf8 0-1

[Event "R5-A-Vic / CEIT"]
[Site "?"]
[Date "2003.03.16"]
[Round "6.5"]
[White "Thimonier, Victor"]
[Black "Arnould, Francoise"]
[Result "1-0"]
[WhiteElo "1199"]
[BlackElo "1230"]
[EventDate "2003.02.02"]
[PlyCount "141"]
[SourceDate "2003.05.18"]

1.d4 g6 2.c4 Bg7 3.Nf3 Nf6 4.Nc3 d5 5.Bf4 O-O 6.e3 Nh5 7.Nxd5 Nxf4 8.Nxf4 
Qd6 9.Be2 Qb4+ 10.Qd2 Qxd2+ 11.Nxd2 e5 12.Nd5 Na6 13.Ne7+ Kh8 14.Nxc8 
Raxc8 15.d5 Nb4 16.O-O c5 17.e4 Nc2 18.Rac1 Nd4 19.Bd3 Bh6 20.Rcd1 f5 21.
f3 Be3+ 22.Kh1 f4 23.a3 a5 24.Nb1 Rf6 25.Nc3 Rb6 26.Rb1 Rb3 27.Rfd1 Rd8 
28.Na4 Rc8 29.d6 Nc6 30.Bc2 Nd4 31.Bxb3 Nxb3 32.Rd3 Nd4 33.d7 Rd8 34.Nxc5 
b6 35.Na4 Rxd7 36.Nxb6 Rc7 37.b4 Nc6 38.c5 axb4 39.axb4 Nd4 40.Nd5 Rc6 41.
Nxe3 fxe3 42.Rxe3 Kg7 43.g4 Kf7 44.b5 Rxc5 45.b6 Nc6 46.Rd3 Ke7 47.Rdb3 
Nb8 48.Rb5 Kd6 49.Rxc5 Kxc5 50.h4 Kd4 51.Kh2 Ke3 52.Kg3 h6 53.b7 Kd3 54.
Rc1 Na6 55.Rc8 Kd4 56.b8=Q Nxb8 57.Rxb8 g5 58.hxg5 hxg5 59.Rg8 Kc5 60.Rxg5
Kd6 61.f4 exf4+ 62.Kxf4 Ke6 63.Rg6+ Kf7 64.Ra6 Ke7 65.g5 Kf7 66.Kf5 Kg7 
67.e5 Kf7 68.e6+ Kf8 69.Ra7 Ke8 70.g6 Kf8 71.Kf6 1-0

[Event "R5-A-Vic / CEIT"]
[Site "?"]
[Date "2003.03.16"]
[Round "6.3"]
[White "Hochet, Yannick"]
[Black "Lenoir, Patrice"]
[Result "1/2-1/2"]
[WhiteElo "1540"]
[BlackElo "1450"]
[EventDate "2003.02.02"]
[PlyCount "36"]
[SourceDate "2003.05.18"]

1.e4 c6 2.d4 d5 3.exd5 cxd5 4.Bd3 Nc6 5.c3 Nf6 6.Bf4 e6 7.Nf3 Bd6 8.Bxd6 
Qxd6 9.Qe2 O-O 10.O-O Qe7 11.Nbd2 a6 12.Rfe1 Bd7 13.Ne5 Nxe5 14.dxe5 Ne8 
15.Qh5 f5 16.Nb3 Rc8 17.Nd4 Qf7 18.Qh3 g6 1/2-1/2

[Event "Castel-Moissac/Ste Foy"]
[Site "?"]
[Date "2003.03.16"]
[Round "6"]
[White "LAMATA, Fabrice"]
[Black "CATALA, Laurent"]
[Result "0-1"]
[WhiteElo "1450"]
[BlackElo "1680"]
[PlyCount "62"]

1.e4 e5 2.Nf3 Nc6 3.Nc3 Bc5 4.Bc4 Nf6 5.d3 d6 6.Bd2 Bg4 7.h3 Be6 8.Bxe6 
fxe6 9.g4 Qe7 10.Qe2 O-O-O 11.Be3 Nd7 12.a3 Bxe3 13.Qxe3 Rhf8 14.Rf1 Qf6 
15.Nd2 Qf4 16.O-O-O Nd4 17.Nb3 Nxb3+ 18.cxb3 b6 19.Kb1 Qf3 20.Rc1 Kb7 21.
a4 Nc5 22.Kc2 Rf7 23.b4 Na6 24.Kb3 Rdf8 25.b5 Nc5+ 26.Kc2 Qxe3 27.fxe3 
Rxf1 28.d4 R8f2+ 29.Kb1 exd4 30.exd4 Rxc1+ 31.Kxc1 Nb3+ 0-1

[Event "R5-A-Libre Ech. / Condom"]
[Site "?"]
[Date "2003.03.16"]
[Round "6.5"]
[White "NN"]
[Black "Porche, Christian"]
[Result "1-0"]
[WhiteElo "1530"]
[BlackElo "1680"]
[EventDate "2003.05.18"]
[PlyCount "104"]

1.e4 e5 2.Nf3 Nc6 3.Bc4 Bc5 4.d3 Nf6 5.Bg5 O-O 6.O-O d6 7.a3 Bg4 8.Nbd2 h6
9.Bh4 g5 10.Bg3 Nh5 11.c3 Nxg3 12.hxg3 Kg7 13.Qc2 Qe7 14.b4 Bb6 15.Bd5 Nd8
16.Nc4 c6 17.Nxb6 axb6 18.Bb3 Ne6 19.Nh2 Bh5 20.g4 Bg6 21.g3 h5 22.Qd2 f6 
23.a4 Rh8 24.gxh5 Rxh5 25.Kg2 Rah8 26.Rh1 Qd7 27.Bd1 R5h6 28.Bg4 Bh5 29.
Bf5 Bg6 30.Bg4 d5 31.Qe3 d4 32.Qd2 Rxh2+ 33.Rxh2 dxc3 34.Bxe6 Qxe6 35.Qxc3
Rd8 36.Rhh1 Rd6 37.Rad1 Qd7 38.Rd2 Bxe4+ 39.f3 Bg6 40.Rhd1 Rd4 41.a5 b5 
42.Qc2 Qd5 43.Qc5 Qxc5 44.bxc5 Ra4 45.d4 Rxd4 46.Rxd4 exd4 47.Rxd4 Bf5 48.
Kf2 Kf7 49.Rd6 Ke7 50.f4 b4 51.Ke3 b3 52.Rd2 Bc2 {......} 1-0

[Event "R5-A-Libre Ech. / Condom"]
[Site "?"]
[Date "2003.03.16"]
[Round "6.3"]
[White "NN"]
[Black "Aspinall, John"]
[Result "0-1"]
[WhiteElo "1499"]
[BlackElo "1790"]
[EventDate "2003.05.18"]
[PlyCount "75"]

1.e4 d6 2.d4 Nf6 3.Nc3 c6 4.d5 e5 5.dxc6 bxc6 6.f3 Be7 7.b4 d5 8.a3 d4 9.
Na4 Bd7 10.Bb2 c5 11.Nxc5 Bxc5 12.bxc5 Qa5+ 13.Qd2 Qxc5 14.c3 dxc3 15.Bxc3
Nc6 16.Rc1 Qxa3 17.Bb5 Rd8 18.Qe3 O-O 19.Ne2 Nb4 20.O-O Bxb5 21.Rb1 Bxe2 
22.Qxe2 Qxc3 23.Rfc1 Qd3 24.Qxd3 Nxd3 25.Rc7 Rd7 26.Rxd7 Nxd7 27.Rd1 N7c5 
28.Kf1 a5 29.h4 a4 30.g3 a3 31.Ke2 a2 32.Kd2 Ra8 33.Ke3 a1=Q 34.Rd2 Qe1+ 
35.Re2 Qc1+ 36.Rd2 Ra2 37.f4 Qxd2+ 38.Kf3 0-1

[Event "R5-A-Libre Ech. / Condom"]
[Site "?"]
[Date "2003.03.16"]
[Round "6.1"]
[White "NN"]
[Black "Beaurain, Louis"]
[Result "0-1"]
[WhiteElo "1499"]
[BlackElo "1960"]
[EventDate "2003.05.18"]
[PlyCount "60"]

1.e4 e6 2.c3 c5 3.Nf3 Nc6 4.Be2 Nf6 5.d3 Be7 6.Na3 d5 7.e5 Nd7 8.O-O Ndxe5
9.d4 Nxf3+ 10.Bxf3 cxd4 11.cxd4 O-O 12.Nc2 b6 13.Bd2 Bb7 14.Be2 Rc8 15.Be3
Bd6 16.f4 Ne7 17.Qd3 Ng6 18.Ne1 Rc6 19.Nf3 Bxf4 20.Bf2 Qc7 21.g3 Bd6 22.
Ng5 h6 23.Nh3 e5 24.dxe5 Nxe5 25.Qd4 Rc2 26.Bd3 Nf3+ 27.Kg2 Nxd4 28.Kh1 
Ne2 29.Rae1 d4+ 30.Be4 Bxe4# 0-1

[Event "R5-A-Condom / Libre Ech."]
[Site "?"]
[Date "2003.03.16"]
[Round "6.6"]
[White "Alegret, Jean Pierre"]
[Black "NN"]
[Result "1-0"]
[WhiteElo "1610"]
[BlackElo "1420"]
[EventDate "2003.05.18"]
[PlyCount "73"]

1.e4 e6 2.d4 d6 3.Nf3 g6 4.Nbd2 Bg7 5.Nc4 Nf6 6.Bg5 Qd7 7.Bd3 O-O 8.Bxf6 
Bxf6 9.e5 Bg7 10.Qe2 a6 11.exd6 cxd6 12.Nb6 Qd8 13.Nxa8 b5 14.O-O Bb7 15.
a4 Bxa8 16.axb5 e5 17.dxe5 Re8 18.bxa6 dxe5 19.Be4 Nc6 20.Rfd1 Qb6 21.c3 
Bf8 22.a7 Kg7 23.Ra6 Qc7 24.Qb5 f5 25.Bxc6 Rd8 26.Rxd8 Qxd8 27.Qxe5+ Kh6 
28.Qf4+ Kg7 29.Qd4+ Qxd4 30.Nxd4 Bc5 31.Ne6+ Kh6 32.Nxc5 Bxc6 33.Rxc6 Kg5 
34.Ne6+ Kg4 35.g3 g5 36.f3+ Kh5 37.Ng7# 1-0

[Event "R5-A-Condom / Libre Ech."]
[Site "?"]
[Date "2003.03.16"]
[Round "6.4"]
[White "Calatrava, Julian"]
[Black "NN"]
[Result "1-0"]
[WhiteElo "1750"]
[BlackElo "1499"]
[EventDate "2003.05.18"]
[PlyCount "65"]

1.e4 e5 2.Nf3 Nc6 3.Bb5 a6 4.Ba4 b5 5.Bb3 Nd4 6.Nxd4 exd4 7.O-O Bc5 8.Qh5 
Qf6 9.Qxc5 Qd6 10.Qh5 g6 11.Qf3 f6 12.e5 Qe7 13.Qxa8 Kd8 14.exf6 Nxf6 15.
d3 h6 16.Bd2 g5 17.Ba5 Qd6 18.Nd2 Ng4 19.Nf3 h5 20.h3 Nf6 21.Nxg5 Rf8 22.
a3 Qc6 23.Qxc6 dxc6 24.Rfe1 Nd5 25.Re5 Bb7 26.Ne6+ Ke7 27.Nxf8+ Kxf8 28.
Bxd5 cxd5 29.Rae1 Bc6 30.Re7 h4 31.Bb4 Kg8 32.Rxc7 Ba8 33.Re8# 1-0

[Event "R5-A-Condom / Libre Ech."]
[Site "?"]
[Date "2003.03.16"]
[Round "6.2"]
[White "Pagnoncelli, Hervé"]
[Black "NN"]
[Result "1-0"]
[WhiteElo "1830"]
[BlackElo "1510"]
[EventDate "2003.05.18"]
[PlyCount "47"]

1.d4 Nf6 2.c4 e5 3.dxe5 Ne4 4.Nf3 Bb4+ 5.Nbd2 c5 6.e3 f5 7.Bd3 Nc6 8.O-O 
Nxd2 9.Bxd2 Bxd2 10.Qxd2 O-O 11.a3 Qc7 12.Qc3 b6 13.Rad1 g6 14.Be2 Rf7 15.
Rd6 Bb7 16.Rfd1 Rd8 17.b4 a6 18.b5 Nb8 19.e6 Re7 20.Ng5 a5 21.Qf6 Rg7 22.
Nf7 Rf8 23.Nh6+ Kh8 24.Qxf8+ 1-0

[Event "Blaye/Montauban"]
[Site "?"]
[Date "2003.03.16"]
[Round "6"]
[White "SIMONET, Jacques"]
[Black "MEJANE, Arnaud"]
[Result "1-0"]
[WhiteElo "1270"]
[BlackElo "1360"]
[PlyCount "31"]

1.d4 d5 2.e3 e6 3.Bd3 c5 4.c3 Nc6 5.Nf3 cxd4 6.cxd4 Bd6 7.Nc3 a6 8.O-O Nh6
9.e4 dxe4 10.Bxe4 Nf5 11.Bxf5 exf5 12.Re1+ Ne7 13.Qb3 O-O 14.Bg5 Qc7 15.
Bxe7 Be6 16.Rxe6 1-0

[Event "Castel-Moissac/Ste Foy"]
[Site "?"]
[Date "2003.03.16"]
[Round "6"]
[White "LELEU, Benjamin"]
[Black "ROQUES, Olivier"]
[Result "1-0"]
[WhiteElo "1130"]
[BlackElo "1009"]
[PlyCount "51"]

1.e4 c5 2.Nf3 Nc6 3.Bc4 e5 4.d3 Nf6 5.Nc3 g6 6.Ng5 Qc7 7.Nb5 Qb6 8.Nd6+ 
Bxd6 9.Nxf7 Rf8 10.Nxd6+ Kd8 11.O-O Ne8 12.Nb5 Nd4 13.Nc3 d6 14.Nd5 Qa5 
15.Bd2 Qa4 16.b3 Qa3 17.c3 Be6 18.cxd4 cxd4 19.f4 Bxd5 20.Bxd5 Rc8 21.Rc1 
Rxc1 22.Bxc1 Qxa2 23.Bxb7 Nc7 24.Qg4 Ne6 25.Qxe6 Qc2 26.Qxd6+ 1-0

[Event "Blaye/Montauban"]
[Site "?"]
[Date "2003.03.16"]
[Round "6"]
[White "OLLE, Jean-Pierre"]
[Black "GILABERT, David"]
[Result "1/2-1/2"]
[WhiteElo "1840"]
[BlackElo "1700"]
[PlyCount "31"]

1.e4 c6 2.d4 d5 3.exd5 cxd5 4.c4 Nf6 5.Nc3 e6 6.Nf3 Bb4 7.Bg5 O-O 8.a3 
Bxc3+ 9.bxc3 Nbd7 10.Bd3 b6 11.O-O Ba6 12.Ne5 Rc8 13.Nxd7 Qxd7 14.Bxf6 
gxf6 15.Bxh7+ Kxh7 16.Qh5+ 1/2-1/2

[Event "R6R6 Tournefeuille 3 / Loures Barousse"]
[Site "?"]
[Date "2003.03.16"]
[Round "6.1"]
[White "PERIN, Gilles"]
[Black "ORIOT, Patrice"]
[Result "0-1"]
[WhiteElo "1810"]
[BlackElo "1960"]
[PlyCount "51"]

1.e4 c5 2.g3 d5 3.exd5 Qxd5 4.Nf3 Bg4 5.Bg2 Qe4+ 6.Kf1 Nc6 7.Nc3 Qe6 8.h3 
Bh5 9.g4 Bg6 10.Nh4 O-O-O 11.a3 Nf6 12.Nxg6 hxg6 13.Qf3 Qd7 14.b4 e6 15.
bxc5 Bxc5 16.Rb1 Nd5 17.Rb5 b6 18.Nxd5 exd5 19.c4 Nd4 20.Rxc5+ bxc5 21.Qc3
Qe6 22.Bxd5 Rxd5 23.cxd5 Qxd5 24.Rh2 Qe5 25.Kg2 Re8 26.Qe3 0-1

[Event "Colomiers/Montech"]
[Site "?"]
[Date "2003.03.16"]
[Round "6"]
[White "BLESING, Rene"]
[Black "LECOULTRE, Patrick"]
[Result "1/2-1/2"]
[WhiteElo "1690"]
[BlackElo "1750"]
[PlyCount "85"]

1.e4 c5 2.Nf3 d6 3.d4 cxd4 4.Nxd4 Nf6 5.Nc3 g6 6.Be2 Bg7 7.Be3 O-O 8.Qd2 
Nc6 9.Nb3 Qc7 10.Bh6 Ne5 11.Bxg7 Kxg7 12.Qd4 a6 13.Nd5 Nxd5 14.exd5 Kg8 
15.f4 Nd7 16.O-O-O b5 17.h4 Nf6 18.h5 Bf5 19.Bd3 Bxd3 20.Rxd3 Rac8 21.Rc3 
Qb7 22.Rd3 Rc4 23.Qe3 Nxd5 24.Qf3 e6 25.Na5 Rxc2+ 26.Kxc2 Qc7+ 27.Kb1 Qxa5
28.hxg6 fxg6 29.Qh3 Rf7 30.Ra3 Qc7 31.Qxe6 Nxf4 32.Qg4 Qb7 33.Rg3 Qe4+ 34.
Ka1 Qc2 35.Re1 Re7 36.Qd1 Re2 37.Qxc2 Rxc2 38.a3 d5 39.Rf3 Nxg2 40.Re8+ 
Kg7 41.Re7+ Kh6 42.Kb1 Rc4 43.Rff7 1/2-1/2

[Event "R6R6 Muret 4 / Albi 3"]
[Site "?"]
[Date "2003.03.16"]
[Round "6.3"]
[White "Sacareau, Elodie"]
[Black "Martinez, Cristian"]
[Result "1-0"]
[WhiteElo "1199"]
[BlackElo "1280"]
[EventDate "2003.??.??"]
[PlyCount "45"]

1.e4 e5 2.Nf3 Nc6 3.Nc3 Nf6 4.Bc4 Nxe4 5.Nxe4 d5 6.Bd3 dxe4 7.Bxe4 Bg4 8.
h3 Bh5 9.O-O Nd4 10.Bxb7 Rb8 11.Be4 Bc5 12.d3 O-O 13.a3 f5 14.Qe1 fxe4 15.
Nxe5 Nxc2 16.Qxe4 Nxa1 17.Nc6 Qe8 18.Qd5+ Bf7 19.Qxc5 Rb6 20.Ne7+ Kh8 21.
Nf5 Nb3 22.Qc3 Nxc1 23.Qxg7# 1-0

[Event "R6R6 Muret 4 / Albi 3"]
[Site "?"]
[Date "2003.03.16"]
[Round "6.4"]
[White "Lopez Michelone, Manuel"]
[Black "Sacareau, Christopher"]
[Result "1-0"]
[WhiteElo "1150"]
[BlackElo "1009"]
[EventDate "2003.??.??"]
[PlyCount "135"]

1.d4 d5 2.e3 Nf6 3.Nd2 Bf5 4.Ngf3 e6 5.Nh4 Bb4 6.c3 Bd6 7.Nxf5 exf5 8.Be2 
O-O 9.Nf3 Nc6 10.O-O Ng4 11.h3 Nf6 12.Qc2 Qd7 13.Nd2 Ne4 14.Bd3 Nxd2 15.
Bxd2 Ne7 16.f3 Qe6 17.Qb3 Bg3 18.Kh1 Ng6 19.f4 Nh4 20.c4 c6 21.Rac1 Rab8 
22.cxd5 Qxd5 23.Qxd5 cxd5 24.Rc7 g5 25.Rd7 Ng6 26.Bxf5 Nh4 27.Rxd5 gxf4 
28.exf4 Rfd8 29.Bd7 Ng6 30.f5 Nf8 31.f6 Rxd7 32.Rg5+ Ng6 33.Rxg3 Rxd4 34.
Be3 Re4 35.Rd1 Rc8 36.Bh6 Rh4 37.Rgd3 Rxh6 38.Rd8+ Rxd8 39.Rxd8+ Nf8 40.
Rd6 Ne6 41.Rd7 Rxf6 42.Rxb7 Rf1+ 43.Kh2 f5 44.Rxa7 f4 45.b4 Nd4 46.Rd7 Nb5
47.a4 Nc3 48.a5 Ra1 49.Rd4 Ne2 50.Rd5 Nc3 51.Rg5+ Kf7 52.Rf5+ Ke6 53.Rxf4 
Kd5 54.h4 Ne4 55.Kh3 h5 56.Rf5+ Kc4 57.Rxh5 Kxb4 58.Re5 Nf6 59.h5 Rh1+ 60.
Kg3 Nxh5+ 61.Kg4 Nf6+ 62.Kg3 Nd7 63.Rg5 Nf6 64.Rf5 Ne4+ 65.Kf4 Ra1 66.Rd5 
Nc5 67.g4 Rf1+ 68.Kg5 1-0

[Event "Castel-Moissac/Ste Foy"]
[Site "?"]
[Date "2003.03.16"]
[Round "6"]
[White "Haddab, Roland"]
[Black "Galby, Vassili"]
[Result "1-0"]
[WhiteElo "1630"]
[BlackElo "1299"]
[EventDate "2003.??.??"]
[PlyCount "74"]

1.e4 c5 2.Nf3 Nc6 3.d4 cxd4 4.Nxd4 Nf6 5.Nc3 e5 6.Ndb5 d6 7.Bg5 a6 8.Na3 
b5 9.Bxf6 gxf6 10.Nd5 Bg7 11.c3 Ne7 12.Nxe7 Qxe7 13.Qd5 Bb7 14.Qd3 O-O 15.
Nc2 Qe6 16.Ne3 Rfd8 17.Be2 Bh6 18.Bg4 f5 19.Bxf5 Qe7 20.Ng4 Bg5 21.h4 Bf6 
22.Qf3 d5 23.Nxf6+ Qxf6 24.Bxh7+ Kg7 25.Qxf6+ Kxf6 26.f3 dxe4 27.Bxe4 Bxe4
28.fxe4 Kg6 29.g4 Rd3 30.Ke2 Rg3 31.Rhg1 Rh3 32.Rh1 Rg3 33.Rag1 Rxg1 34.
Rxg1 Rd8 35.Rd1 Rh8 36.Rd6+ f6 37.h5+ Kg5 {Les blancs gagnent en 72 Coups}
1-0

[Event "R5-A-CATE / Castel M"]
[Site "?"]
[Date "2003.03.16"]
[Round "6.4"]
[White "Pedica, Jerome"]
[Black "Carteron, Olivier"]
[Result "1-0"]
[WhiteElo "1499"]
[BlackElo "1260"]
[EventDate "2003.05.18"]
[PlyCount "101"]
[SourceDate "2003.05.18"]

1.d4 d5 2.Nf3 Nc6 3.Bf4 Bg4 4.e3 e6 5.h3 Bxf3 6.Qxf3 Nb4 7.Bd3 Bd6 8.Nc3 
Nxd3+ 9.cxd3 Bb4 10.O-O Bd6 11.e4 Bxf4 12.Qxf4 c6 13.Qg3 g6 14.Rfe1 Nf6 
15.Qe5 O-O 16.Qg5 Nh5 17.Qh6 Qf6 18.e5 Qf4 19.Qxf4 Nxf4 20.Re3 Nh5 21.Na4 
b6 22.Rc1 Rac8 23.b4 f6 24.Rce1 f5 25.Nc3 b5 26.a4 a6 27.a5 Rc7 28.Ne2 
Rcf7 29.f4 h6 30.Rc1 Rc7 31.h4 Rff7 32.Rf3 Kh7 33.Kf2 Rf8 34.Rh3 Rff7 35.
Ke3 Ng7 36.Rch1 h5 37.Nc1 Kh6 38.Nb3 Ra7 39.Rg3 Ne8 40.Nc5 Nc7 41.Rc1 Re7 
42.Nb3 Ne8 43.Rxc6 Ng7 44.Nc5 Rec7 45.Rd6 Re7 46.Nxa6 Ne8 47.Rb6 Rab7 48.
Nc5 Rxb6 49.axb6 Ng7 50.b7 Re8 51.Rf3 1-0

[Event "Blaye/Montauban"]
[Site "?"]
[Date "2003.03.16"]
[Round "6"]
[White "Palos, Jean-Luc"]
[Black "Arlabosse, Nicolas"]
[Result "0-1"]
[WhiteElo "1440"]
[BlackElo "1580"]
[EventDate "2003.??.??"]
[PlyCount "94"]

1.e4 e5 2.Nf3 Nc6 3.Bb5 d6 4.h3 Nf6 5.Nc3 Bd7 6.d3 h6 7.O-O a6 8.Bxc6 Bxc6
9.Qe2 Be7 10.d4 exd4 11.Nxd4 Bd7 12.Re1 O-O 13.Bd2 c6 14.Qf3 Re8 15.Nf5 
Bxf5 16.Qxf5 Qd7 17.Qxd7 Nxd7 18.Re2 Bf6 19.Rae1 Re6 20.f3 Rae8 21.Kf1 Bd4
22.Be3 Bxe3 23.Rxe3 Ne5 24.b3 Nd7 25.R3e2 Nb6 26.Rd2 d5 27.Red1 dxe4 28.
Nxe4 Nd5 29.Kf2 f5 30.Nc5 R6e7 31.c4 Nc3 32.Rc1 Re2+ 33.Rxe2 Rxe2+ 34.Kf1 
Nxa2 35.Kxe2 Nxc1+ 36.Kd2 b6 37.Kxc1 bxc5 38.Kd2 a5 39.Ke3 Kf7 40.Kf4 Ke6 
41.h4 Kf6 42.Ke3 g5 43.h5 Ke5 44.g4 Kf6 45.Kd3 Ke6 46.Ke3 Ke5 47.gxf5 Kxf5
0-1

[Event "R6R6 Luchon 1 / Vic bigorre 2"]
[Site "?"]
[Date "2003.03.16"]
[Round "6.1"]
[White "GALES, Jacques"]
[Black "SUSINI, Yannick"]
[Result "1-0"]
[WhiteElo "1499"]
[BlackElo "1199"]
[PlyCount "89"]

1.b3 e5 2.Bb2 Nc6 3.e3 Nf6 4.Nc3 Bb4 5.f4 e4 6.Bb5 O-O 7.Qe2 d5 8.h3 Ne7 
9.Qf2 a6 10.Be2 Nc6 11.O-O-O d4 12.Nb1 d3 13.cxd3 exd3 14.Bf3 Bf5 15.g4 
Be4 16.g5 Bxf3 17.Qxf3 Nd5 18.Nc3 Bxc3 19.dxc3 Nde7 20.e4 Qd6 21.Rxd3 Qc5 
22.a3 a5 23.Kb1 Rad8 24.Ne2 Rxd3 25.Qxd3 Rd8 26.Qc2 Qd6 27.c4 Qd3 28.Qxd3 
Rxd3 29.Kc2 Re3 30.Nc3 Rf3 31.f5 Rf2+ 32.Kb1 Nd4 33.Ka2 Nf3 34.Rd1 Rd2 35.
Rxd2 Nxd2 36.h4 Nf3 37.Nd5 Nxd5 38.cxd5 Nxh4 39.f6 h5 40.fxg7 Nf3 41.e5 h4
42.e6 h3 43.e7 h2 44.e8=Q+ Kh7 45.g8=Q# 1-0